Statistics for Islam Test

Click here to take the quiz!

General Stats

  • This quiz has been taken 79 times
  • The average score is 4 of 16

Answer Stats

HintAnswer% Correct
First BeliefAllah
92%
Second BeliefAngels
63%
Third BeliefBooks
39%
Term for: AngelsMalaika
31%
First Root (One God)Tawhid
29%
Fourth BeliefMessengers
27%
Term for: Life after DeathAkhirah
24%
Sixth BeliefJudgement
19%
Term for: Holy BooksKutub
18%
Term for: ProphethoodRisalah
16%
Term for: Pre-destinationAl Qadr
15%
Third Root (Justice)Adalat
13%
Fourth Root (Succession)Imamah
13%
Fifth Root (Judgement)Mi'ad
10%
Second Root (Messengers)Nubuwwah
10%
Fifth BeliefDecree
8%

Score Distribution

Percentile by Number Answered

Percent of People with Each Score

Your Score History

You have not taken this quiz